Informačné technológie obchodných činností
Salvato in:
| Autore principale: | |
|---|---|
| Ente Autore: | |
| Natura: | Libro |
| Lingua: | slovacco |
| Pubblicazione: |
Bratislava
Vydavateľstvo Ekonóm
1996
|
| Soggetti: | |
| Tags: |
Nessun Tag, puoi essere il primo ad aggiungerne!!
|
MARC
| LEADER | 00000nam a2200000 4500 | ||
|---|---|---|---|
| 001 | c016179 | ||
| 005 | 20221214071153.9 | ||
| 020 | |a 80-225-0812-8 | ||
| 041 | 0 | |a slo | |
| 044 | |a SK | ||
| 245 | 1 | 0 | |a Informačné technológie obchodných činností |c Miroslav Mariaš |
| 264 | 1 | |a Bratislava |b Vydavateľstvo Ekonóm |c 1996 | |
| 300 | |a 176 s. | ||
| 610 | 2 | 0 | |a technológie informačné |
| 610 | 2 | 0 | |a systémy informačné |
| 610 | 2 | 0 | |a obchod |
| 610 | 2 | 0 | |a počítače |
| 610 | 2 | 0 | |a softvér |
| 610 | 2 | 0 | |a využitie počítačov |
| 610 | 2 | 0 | |a CIM |
| 100 | 1 | |a Mariaš, Miroslav | |
| 710 | 2 | |a Ekonomická univerzita v Bratislave. Obchodná fakulta | |